000 01101nam a22002537a 4500
005 20240305165514.0
007 cr|||| ||||
008 181116s2016 mx |||||s|||| 00||0 spa d
020 _a978-607-8447-76-3
035 _a22436
040 _avLex
090 _c8310
_d8310
100 1 _aRojas Sosa, Odette María
245 1 0 _a40 años, 40 voces
_h[Recurso electrónico] /
_cOdette María Rojas Sosa, María Bárbara Hernández Luna
256 _aServicio en línea
260 _aCiudad de México:
_bInstituto Nacional de las Ciencias Penales,
_c2016
300 _a1 recurso electrónico
506 1 _aDisponible solo en los productos indicados
_dvLex Global
_dvLex Global (Academic Edition, excluding Law Schools)
_dvLex Global (U.S. Academic Edition, Law Schools)
_dvLex Global (U.S. Academic Edition, excluding Law Schools)
_dvLex Global (Academic Edition, Law Schools)
650 0 4 _aDerecho Penal
_zMéxico
700 1 _aHernández Luna, María Bárbara
740 0 _avLex Libros (Servicio en línea)
856 4 0 _uhttps://app.vlex.com/#/sources/40-a-os-40-voces-22436
942 _cRAA
999 _c166547
_d166547